Statistics for Gossip Girl

Click here to take the quiz!

General Stats

  • This quiz has been taken 175 times
  • The average score is 11 of 15

Answer Stats

QuestionAnswer% Correct
Avec qui Blair n'a-t-elle pas été en couple ?Éric
97%
Qui n'a jamais été marié avec Lily ?Jack
89%
Comment s'appelle le fils de Blair et Chuck ?Henry
88%
Qui n'a jamais couché avec Chuck ?Serena
88%
Combien y a-t-il de saison dans la série ?6
86%
Comment s'appelle le fils de Lily et Rufus ?Scott
84%
Avec qui Rufus n'a-t-il pas été en couple ?Lola
80%
Qui n'est pas présent lors du mariage de Blair et Chuck ?Jenny
77%
Quel personnage n'a pas été interné dans une clinique psychiatrique ?William
76%
Comment se nomme le mari de Georgina ?Philip
72%
Avec qui Chuck a-t-il perdu sa virginité ?Georgina
64%
Quel couple ne finit pas ensemble à la fin de la série ?Nate et Sedge
58%
Qui fait la voix off de Gossip Girl ?Kristen bell
49%
Combien y a-t-il d'épisode de Gossip Girl au total ?121
48%
Qui n'a pas été Gossip Girl ?Dan
3%

Score Distribution

Percentile by Number Answered

Percent of People with Each Score

Your Score History

You have not taken this quiz